Každá žena túži po kráse

Záujem slovenskej ženy o nové výrobky na trhu, ovplyvnenie reklamou. Dôležitosť a vzťah k značkám. Značka je najdôležitejšia pri pleťovej kozmetike.

Salvato in:
Dettagli Bibliografici
Autore principale: Hinková-Dibarborová, Andrea
Natura: Capitolo di libro
Lingua:slovacco
Soggetti:
Tags: Aggiungi Tag
Nessun Tag, puoi essere il primo ad aggiungerne!!

MARC

LEADER 00000naa a2200000 4500
001 r049449
005 20231004094932.4
041 0 |a slo 
044 |a SK 
245 1 0 |a Každá žena túži po kráse  |c Andrea Hinková-Dibarborová 
520 |a Záujem slovenskej ženy o nové výrobky na trhu, ovplyvnenie reklamou. Dôležitosť a vzťah k značkám. Značka je najdôležitejšia pri pleťovej kozmetike. 
610 2 0 |a výrobky nové 
610 2 0 |a ženy 
610 2 0 |a Slovensko 
610 2 0 |a značky výrobkov 
610 2 0 |a kozmetika 
100 1 |a Hinková-Dibarborová, Andrea